Представление документа в формате MARC21

ПолеНазваниеЗначение
  Тип записи a
  Библиографический уровень m
001 Контрольный номер RU/URAIT/586353
005 Дата корректировки 20260429163642.1
008 Кодируемые данные 260429s2026 RU y f j 000 0 rus u
020 Индекс ISBN __
a ISBN 978-5-534-08079-7
c Цена, тираж 539.00
040 Источник каталогиз. __
a Служба первич. каталог. ИКО Юрайт
c Служба, преобразующая запись ИКО Юрайт
e Правила каталог. RCR
041 Код языка издания __
a Код языка текста rus
044 Код страны публикации __
a Код страны публикации RU
080 Индекс УДК __
a Индекс УДК 519.87(075.8)
084 Индекс другой классификации/Индекс ББК __
2 Источник индекса rubbk
a Индекс другой классификации/Индекс ББК 22.16я73
100 Автор __
a Автор Орел Е. Н.
q Полное имя Орел Евгений Николаевич
245 Заглавие __
a Заглавие Непрерывные математические модели
b Продолж. заглавия учебник для вузов
c Ответственность Е. Н. Орел, О. Е. Орел.
250 Сведения об издании __
g испр. и доп
a Основные сведения об издании 2-е изд.
256 Характеристики компьютерного файла __
a Характеристики компьютерного файла Электрон. дан.
260 Выходные данные __
a Место издания Москва
b Издательство Юрайт
c Дата издания 2026
300 Физическое описание __
a Объем 120 с
440 Серия __
a Серия Высшее образование
500 Примечания __
a Примечание URL: https://urait.ru/bcode/586353 (дата обращения: 29.04.2026).
520 Аннотация __
a Аннотация Учебное пособие посвящено теме математического моделирования в экономике. Автор рассматривает разнообразные методы и модели в зависимости от поставленных задач — непрерывные модели статистического анализа (модели равновесного анализа, математический аппарат сравнительной статики и оптимизации, одномерную и многомерную оптимизацию, модели сравнительной статики и др.) и модели динамической оптимизации (глобальный экстремум в задачах вариационного исчисления, оптимальное управление автономными системами и т. д.). Издание содержит приложения, иллюстрации, примеры и упражнения для самостоятельного изучения.
538 Прим. о системных особенностях __
a Прим. о системных особенностях Режим доступа: Электронно-библиотечная система Юрайт, для авториз. пользователей
653 Ключевые слова __
a Ключевые слова Математика: общие работы
653 Ключевые слова __
a Ключевые слова Математика и статистика
653 Ключевые слова __
a Ключевые слова Непрерывные математические модели
653 Ключевые слова __
a Ключевые слова Принципы построения математических моделей
700 Другие авторы __
a Другие авторы Орел О. Е.
q Полное имя Орел Ольга Евгеньевна
856 Электронный адрес документа 40
n Местонахождение сервера Юрайт
g Электронная книга
q Тип электронного формата html
h Имя пользователя ЮРАЙТ
v Часы доступа к ресурсу 20271231
2 Способ доступа Показать документ
x Служебное примечание https://urait.ru/book/cover/810C344D-A59C-4FD5-BF71-51F4300781BE
u URL https://urait.ru/bcode/586353
856 Электронный адрес документа 48
q Тип электронного формата cover
u URL https://urait.ru/book/cover/810C344D-A59C-4FD5-BF71-51F4300781BE
911 __
u 0030=https://urait.ru/bcode/586353
911 __
u 073a=9785534080797
u 073d=539.00
911 __
u 106a=s
911 __
u 900l=
952 Тип литературы __
i Дисциплина Непрерывные математические модели
952 Тип литературы __
i Дисциплина Принципы построения математических моделей